Copa América/Gold Cup Invitees - Statistics

General Stats
  • This quiz has been taken 37 times
  • The average score is 13 of 15
Answer Stats
Tournament # Best Finish Confederation Answer % Correct
Gold Cup 3 Runners-up CONMEBOL Brazil
97%
Copa América 11 Runners-up CONCACAF Mexico
97%
Copa América 2 Group Stage AFC Japan
94%
Copa América 5 4th CONCACAF United States
94%
Gold Cup 3 Runners-up CONMEBOL Colombia
91%
Gold Cup 1 Semis CONMEBOL Peru
91%
Copa América 1 3rd CONCACAF Honduras
88%
Copa América 2 Group Stage CONCACAF Panama
88%
Copa América 5 Quarters CONCACAF Costa Rica
84%
Gold Cup 1 Group Stage CONMEBOL Ecuador
84%
Copa América 3 Group Stage CONCACAF Jamaica
84%
Copa América 1 Group Stage CONCACAF Haiti
78%
Copa América/Gold Cup 3 Group Stage/Semis AFC Qatar
78%
Gold Cup 2 4th AFC South Korea
78%
Gold Cup 1 Quarters CAF South Africa
72%
No matching quizzes found
Score Distribution
Percent of People with Each Score
Percentile by Number Answered
Your Score History
You have not taken this quiz